000
00263nam a22001217a 4500
082
_a
823
_b
CER/A
100
_a
CERVANTES
245
_a
THE ADVENTURES OF DON QUIZOLE
260
_a
DELHI
_b
S CHAND & CO
300
_a
80
650
_a
ENGLISH STORY
_z
INDIA
942
_c
BK
999
_c
7259
_d
7259